| 000 | 01468nam a2200289 i 4500 | ||
|---|---|---|---|
| 001 | 188351 | ||
| 003 | SpMaBN | ||
| 005 | 20250728084437.0 | ||
| 008 | 180831s1990 sp |||| |dspa d | ||
| 020 | _a84-85728-84-X (Obra completa) | ||
| 080 | _a821.134.2-34"18" | ||
| 100 | 1 |
_aPardo Bazán, Emilia, _cCondesa de, _d1851-1921 _9176434 |
|
| 245 | 1 | 0 |
_aCuentos completos / _cEmilia Pardo Bazán ; estudio preliminar, edición, bibliografía, notas y censo de personajes de Juan Paredes Núñez. |
| 260 |
_a[La Coruña] : _bFundación "Pedro Barrié de la Maza, Conde Fenosa", _c[1990] |
||
| 300 |
_a4 v. ; _c24 cm. |
||
| 500 | _aÍndices. | ||
| 700 | 0 |
_aParedes Núñez, Juan, _d1949- _989055 |
|
| 710 | 2 |
_aFundación Pedro Barrié de la Maza, Conde de Fenosa _9176439 |
|
| 852 |
_aES-MaACL _jA-14229 _9 195480 _bR.151660 _cDEPO1 _dOlim: N-7229 _hDonación: Fundación Pedro Barrié de la Maza _pvol.1 |
||
| 852 |
_aES-MaACL _jA-14230 _bR.151660 _cDEPO1 _dOilm: N-7230 _hDonación: Fundación Pedro Barrié de la Maza _pvol. 2 _9200928 |
||
| 852 |
_aES-MaACL _jA-14231 _bR.151660 _cDEPO1 _dOlim: N-7231 _pvol. 3 _xDonación: Fundación Pedro Barrié de la Maza _9 200929 |
||
| 852 |
_aES-MaACL _jA-14232 _bR.151660 _cDEPO1 _dOlim: N-7232 _pvol.4 _xDonación: Fundación Pedro Barrié de la Maza _9 200930 |
||
| 914 |
_aFundación Pedro Barrié de la Maza, Conde de Fenosa _ednr _9176439 |
||
| 942 |
_2udc _cMONOGRAFIA |
||
| 999 |
_c188351 _d188351 |
||